Detalles MARC
| 000 -ENCABEZADO |
| Número de control [NR] |
02408cam a2200313 i 4500 |
| 001 - NÚMERO DE CONTROL |
| control field |
20666303 |
| 005 - FECHA Y HORA DE LA ÚLTIMA TRANSACCIÓN |
| control field |
20191009102019.0 |
| 008 - DE LONGITUD FIJA DE DATOS DE ELEMENTOS - INFORMACIÓN GENERAL |
| Elementos de longitud fija [NR] |
191009s2018 enkb b 001 0 eng d |
| 010 ## - NUMERO DE CONTROL DE LA BIBLIOTECA DEL CONGRESO (LC) [NR] |
| Número de control LC [NR] |
2018032848 |
| 020 ## - NUMERO INTERNACIONAL NORMALIZADO PARA LIBROS [R] |
| Número Internacional Normalizado del libro [NR] |
9781788732475 |
| 020 ## - NUMERO INTERNACIONAL NORMALIZADO PARA LIBROS [R] |
| ISBN Cancelado/ Invalidado [R] |
9781788732505 |
| 020 ## - NUMERO INTERNACIONAL NORMALIZADO PARA LIBROS [R] |
| ISBN Cancelado/ Invalidado [R] |
9781788732499 |
| 040 ## - FUENTE DE CATALOGACION [NR] |
| Agencia de catalogación original [NR] |
CO-BoUCM |
| Idioma de catalogación [NR] |
spa |
| Quien Cataloga |
Saul Niño |
| Quien Clasifica |
Saul Niño |
| 041 0# - CODIGO DE IDIOMA [R] |
| Código de idioma para texto/pista de sonido o título separado [R] |
Inglés |
| 100 1# - ASIENTO PRINCIPAL--NOMBRE PERSONAL [NR] |
| Nombre personal [NR] |
Scott, Julius Sherrard |
| Fechas asociadas con el nombre [NR] |
1955- |
| ID Autoridad |
98749 |
| 245 14 - MENCION DE TITULO [NR] |
| Título [NR] |
The common wind |
| Parte restante del título [NR] |
Afro-American currents in the age of the Haitian revolution |
| Mención de responsabilidad, etc. [NR] |
Julius S. Scott ; foreword by Marcus Rediker |
| 260 ## - PUBLICACION, DISTRIBUCION, ETC. (PIE DE IMPRENTA) [R] |
| Lugar de publicación, distribución, etc. [R] |
London |
| -- |
New York |
| Nombre del editor, distribuidor, etc. [R] |
Verso |
| Fecha de publicación, distribución, etc. [R] |
2018 |
| 300 ## - DESCRIPCION FISICA [R] |
| Extensión [R] |
xix, 246 páginas |
| 505 0# - NOTA DE CONTENIDO CON FORMATO PREESTABLECIDO [R] |
| Nota de contenido con formato preestablecido [NR] |
"Pandora's box" : the masterless Caribbean at the end of the eighteenth century -- "Negroes in foreign bottoms" : sailors, slaves, and communication -- "The suspence is dangerous in a thousand shapes" : news, rumor, and politics on the eve of the Haitian revolution -- "Ideas of liberty have sunk so deep" : communication and revolution, 1789-93 -- "Know your true interests" : Saint-Domingue and the Americas, 1793-1800. |
| 520 ## - NOTA DE RESUMEN, ETC. [R] |
| Nota de sumario, etc. [NR] |
"Out of the grey expanse of official records in Spanish, English and French, The Common Wind provides a gripping and colourful account of inter-continental communication networks that tied together the free and enslaved masses of the new world. A powerful "history from below," this book follows those "rumours of emancipation" and the people who spread them, bringing to life the protagonists in the revolution against slavery. Though it has been said that The Common Wind is "the most original dissertation ever written," and is credited for having "opened up the Black Atlantic with a rigour and a commitment to the power of written words," the PhD project has remained unpublished for thirty-two years, since it was completed at Duke University in 1986. Now, after receiving wide acclaim from leading historians of slavery and the new world, it will be released by Verso for the first time, with a foreword by Marcus Rediker"-- |
| 546 ## - NOTA DE IDIOMA [R] |
| Nota de idioma [NR] |
Texto en inglés |
| 650 #7 - ASIENTO SECUNDARIO DE MATERIA - TERMINO TEMATICO [R] |
| Término temático o nombre geográfico como elemento de entrada [NR] |
Negros |
| Subdivisión general [R] |
Historia |
| Subdivisión geográfica [R] |
Haiti |
| 9 (RLIN) |
20180 |
| 650 #7 - ASIENTO SECUNDARIO DE MATERIA - TERMINO TEMATICO [R] |
| Término temático o nombre geográfico como elemento de entrada [NR] |
Emancipación de los esclavos |
| Subdivisión geográfica [R] |
Haiti |
| 9 (RLIN) |
13996 |
| 650 #7 - ASIENTO SECUNDARIO DE MATERIA - TERMINO TEMATICO [R] |
| Término temático o nombre geográfico como elemento de entrada [NR] |
Historia |
| 9 (RLIN) |
7695 |
| 651 #0 - ASIENTO SECUNDARIO DE MATERIA - NOMBRE GEOGRAFICO [R] |
| Nombre geográfico [NR] |
Haiti |
| Subdivisión general [R] |
Historia |
| -- |
Opinión pública |
| Subdivisión cronológica [R] |
Revolución, 1791-1804 |
| 9 (RLIN) |
98750 |
| 700 1# - ASIENTO SECUNDARIO - NOMBRE PERSONAL [R] |
| Nombre personal [NR] |
Rediker, Marcus |
| 9 (RLIN) |
98751 |
| 942 ## - ELEMENTOS DE ENTRADA AGREGADOS (KOHA) |
| Sistema de clasificación |
DEWEY |
| Tema principal |
Derecho |
| Tipo de ítem principal el descrito en 300a |
Libro |
| Edición |
1 |
| Clasificación |
972.9403 |
| Parte restante de la signatura top. |
S425c |